| 000 | 00973nas a2200289 4500 | ||
|---|---|---|---|
| 001 | BR2012002385 | ||
| 003 | BR-BrBNA | ||
| 005 | 20231205120401.0 | ||
| 007 | ta | ||
| 008 | 230509b bl.|||p| |||| 00| 00por d | ||
| 040 |
_aBR-BrBNA _bpor _cBiblioteca Nacional de Agricultura |
||
| 041 | _a(Pt) | ||
| 072 | _aP40; U40 | ||
| 100 | 1 | _aFerreira, E.P. de B. | |
| 100 | 1 | _aStone, L.F. | |
| 100 | 1 | _aPartelli, F.L. | |
| 100 | 1 | _aDidonet, A.D. | |
| 245 | 1 | _aProdutividade do feijoeiro comum influenciada por plantas de cobertura e sistemas de manejo do solo | |
| 650 | _aSENSORIAMENTO REMOTO | ||
| 650 | _aLEVANTAMENTO FISIOGRÁFICO | ||
| 650 | _aFOTOINTERPRETAÇÃO | ||
| 650 | _aMAPA | ||
| 773 | 0 |
_tRevista Brasileira de Engenharia Agrícola e Ambiental (Brazil) _xISSN 1807-1929 _g(Jul 2011), v.15(7) p. 709-717 _wBR2012002385 |
|
| 856 | 4 | 0 | _uhttp://www.scielo.br/pdf/rbeaa/v15n7/v15n07a09.pdf |
| 909 |
_a202311 _bLúcia _c55 _dLúcia Elande |
||
| 942 |
_2AGRIS _n0 _cANA |
||
| 999 |
_c218236 _d218236 |
||